000 00513 a2200181 4500
003 OSt
005 20240207134445.0
008 240207b |||||||| |||| 00| 0 eng d
020 _a9789381788196
040 _coclc
082 _a894.8129
_bKUM/A
100 _aKumaran, U K
_96528
245 _aAnubhavam orma yathra /
_c U. K. Kumaran
250 _a1st ed.
260 _aKozhikode:
_bOlive Publications,
_c2012.
300 _a161p.
942 _2ddc
_cBK
_h894.8129
_iKUM/A
_k894.8129
_mKUM/A
999 _c44358
_d44358